Teatre da Camera: programa de la setzena sessió programa de la setzena sessió
Descripción Física:
[8] p. ; 23 cm
Otros Autores:
Teatre da Camera
MARC
| LEADER | 00000nam a2200000Ia 4500 | ||
|---|---|---|---|
| 001 | 16546 | ||
| 008 | 160829s1936?] xx 000 0 cat d | ||
| 080 | |a Q-279, exp. 64 | ||
| 245 | |a Teatre da Camera: |b programa de la setzena sessió | ||
| 260 | |a [S.l. : |b s.n., |c 1936?] | ||
| 300 | |a [8] p. ; |c 23 cm | ||
| 590 | |a A la part superior de la portada: Teatre da Camera. | ||
| 590 | |a Conté l'argument de l'obra Tamerlan de G.F. Handel. | ||
| 650 | |a Handel, George Frideric. Tamerlan |9 48202 | ||
| 650 | |a Òpera |9 48203 | ||
| 700 | |a Teatre da Camera |9 48204 | ||
| 901 | |a Arxiu | ||
| 942 | |n 1 | ||
| 952 | |0 0 |1 0 |4 0 |6 Q279_EXP_64 |7 1 |9 54393 |a Arxiu |b Arxiu |d 2016-12-01 |l 0 |o Q-279, exp. 64 |p 16546 |r 2016-12-01 00:00:00 |w 2016-12-01 |y ARXIU | ||
| 999 | |c 58262 |d 58262 | ||